| 000 | 00421cam a2200145ua 4500 | ||
|---|---|---|---|
| 020 | _a9788121924405 | ||
| 082 |
_a621.301 _bTHE/TE |
||
| 100 |
_aTheraja, B L. _9782 |
||
| 100 |
_aTheraja, A K. _9783 |
||
| 245 | _aTextbook of Electrical Technology, Vol-1, Basic Electrical Engineering in S.I. System of Units | ||
| 250 | _a23 / | ||
| 260 |
_aNew Delhi : _bS.Chand and Co , _c2005. _c2014 |
||
| 300 | _a854 | ||
| 942 | _cBBS | ||
| 999 |
_c10242 _d10242 |
||